Marketing v politike dizertačná práca

Saved in:
Bibliographic Details
Main Author: Pčolinský, Vladimír
Corporate Author: Obchodná fakulta EU. Katedra marketingu
Other Authors: Štensová, Antónia
Format: Book
Language:Slovak
Published: Bratislava 2009
Subjects:
Tags: Add Tag
No Tags, Be the first to tag this record!

MARC

LEADER 00000nam$a2200000$$$4500
001 0110925
005 20221207101154.1
041 0 |a slo 
044 |a SK 
245 1 0 |a Marketing v politike  |b dizertačná práca  |c Vladimír Pčolinský ; Antónia Štensová 
264 1 |a Bratislava  |c 2009 
300 |a 193 s. 
610 2 0 |a marketing 
610 2 0 |a politika 
610 2 0 |a kampane volebné 
610 2 0 |a voľby 
610 2 0 |a Slovensko 
610 2 0 |a orgány zastupiteľské 
100 1 |a Pčolinský, Vladimír 
700 1 |a Štensová, Antónia 
710 2 |a Obchodná fakulta EU. Katedra marketingu